Portraits of the "Whiteman" ; (Record no. 7757)

MARC details
000 -LEADER
fixed length control field 00508nam a22001457a 4500
008 - FIXED-LENGTH DATA ELEMENTS--GENERAL INFORMATION
fixed length control field 190326b ||||| |||| 00| 0 eng d
020 ## - INTERNATIONAL STANDARD BOOK NUMBER
International Standard Book Number 0521295939
082 ## - DEWEY DECIMAL CLASSIFICATION NUMBER
Classification number 970 B322p 1979
100 ## - MAIN ENTRY--PERSONAL NAME
Personal name Basso, Keith H.
245 ## - TITLE STATEMENT
Title Portraits of the "Whiteman" ;
Remainder of title Linguistics play and cultural symbols among the western apache.
260 ## - PUBLICATION, DISTRIBUTION, ETC.
Place of publication, distribution, etc. New York ;
Name of publisher, distributor, etc. Cambridge University Press,
Date of publication, distribution, etc. 1979.
300 ## - PHYSICAL DESCRIPTION
Extent xxi, 120 p.
Dimensions 21 cm.
650 ## - SUBJECT ADDED ENTRY--TOPICAL TERM
Source of heading or term Apache Indians-Joking, Apache wit and humor-history and criticism
942 ## - Added entry Elements (Koha)
Source of classification or shelving scheme Dewey Decimal Classification
Holdings
Withdrawn status Lost status Source of classification or shelving scheme Damaged status Not for loan Collection code Home library Current library Shelving location Date acquired Serial Enumeration / chronology Total Checkouts Full call number Barcode Date last seen Price effective from Koha item type
    Dewey Decimal Classification     Main TEST RTC Library RTC Library Main opac 26/03/2019 13558   970 BAS 30013737 26/03/2019 26/03/2019 Main
Royal Thimphu College || All Right Reserved